| 000 | 00709nam a2200229Ia 4500 | ||
|---|---|---|---|
| 999 |
_c45344 _d45344 |
||
| 001 | 12168 | ||
| 003 | GE_BSU | ||
| 005 | 20221118150005.0 | ||
| 008 | 181216s2005en xx |||||||||||||| ||eng|| | ||
| 020 | _a9780521612883x | ||
| 040 | _cGE_BSU | ||
| 041 | _aeng | ||
| 080 | _a811.111 H-88 | ||
| 100 |
_aHuddleston, Rodney. _915927 |
||
| 245 | 2 |
_aA student's Introduction to English Grammar / _cRodney Huddleston, Pullum, Geoffrey k. |
|
| 264 |
_aCambridge: _bUniversity Press, _c2005. |
||
| 300 |
_a312 p;. _b24 cm. |
||
| 653 | _aA student's Introduction to English Grammar. | ||
| 653 | _a ინგლისური გრამატიკა | ||
| 700 |
_aGeoffrey k. Pullum _915928 |
||
| 942 |
_cBK _2udc |
||